书目信息 |
| 题名: |
西北干旱地区海绵城市建设模式探索与实践
|
|
| 作者: | 凌云飞 , 孙亮 , 周飞祥 编著 | |
| 分册: | ||
| 出版信息: | 北京 中国建筑工业出版社 2025.04 |
|
| 页数: | 234页 | |
| 开本: | 26cm | |
| 丛书名: | ||
| 单 册: | ||
| 中图分类: | TU985.24 | |
| 科图分类: | ||
| 主题词: | 干旱区--gan han qu--城市建设--研究--西北地区 | |
| 电子资源: | ||
| ISBN: | 978-7-112-30765-4 | |
| 000 | 01337nam 2200289 450 | |
| 001 | 91133 | |
| 005 | 20250816163833.97 | |
| 010 | @a978-7-112-30765-4@dCNY188.00 | |
| 100 | @a20250603d2025 em y0chiy50 ea | |
| 101 | 0 | @achi |
| 102 | @aCN@b110000 | |
| 105 | @aab a 000yy | |
| 106 | @ar | |
| 200 | 1 | @a西北干旱地区海绵城市建设模式探索与实践@Axi bei gan han di qu hai mian cheng shi jian she mo shi tan suo yu shi jian@f凌云飞, 孙亮, 周飞祥等编著 |
| 210 | @a北京@c中国建筑工业出版社@d2025.04 | |
| 215 | @a234页@c图 (部分彩图), 地图@d26cm | |
| 300 | @a中规智库 中国城市规划设计研究院70周年 —— 城镇水务与工程研究分院系列成果 | |
| 314 | @a书内题: 凌云飞, 孙亮, 周飞祥主编 | |
| 320 | @a有书目 (第233-234页) | |
| 330 | @a本书从乌鲁木齐人水关系历史溯源入手, 结合海绵城市试范申报之时所面临的问题与需求, 全面总结了乌鲁木齐海绵城市示范建设的经验与体会, 系统解读了引领海绵城市建设的顶层设计、规划方案, 深入阐述了推进海绵城市建设的体制机制和模式, 全面展示了海绵城市建设的成效, 归纳总结了试乌鲁木齐建设过程中形成的可复制、可推广的“乌鲁木齐经验”。 | |
| 606 | 0 | @a干旱区@Agan han qu@x城市建设@x研究@y西北地区 |
| 690 | @aTU985.24@v5 | |
| 701 | 0 | @a凌云飞@Aling yun fei@4编著 |
| 701 | 0 | @a孙亮@Asun liang@4编著 |
| 701 | 0 | @a周飞祥@Azhou fei xiang@4编著 |
| 801 | 0 | @aCN@c20250909 |
| 905 | @a河南城建学院图书馆@dTU985.24@eL566@f1 | |
| 西北干旱地区海绵城市建设模式探索与实践/凌云飞, 孙亮, 周飞祥等编著.-北京:中国建筑工业出版社,2025.04 |
| 234页:图 (部分彩图), 地图;26cm |
| 中规智库 中国城市规划设计研究院70周年 —— 城镇水务与工程研究分院系列成果 |
| ISBN 978-7-112-30765-4:CNY188.00 |
| 本书从乌鲁木齐人水关系历史溯源入手, 结合海绵城市试范申报之时所面临的问题与需求, 全面总结了乌鲁木齐海绵城市示范建设的经验与体会, 系统解读了引领海绵城市建设的顶层设计、规划方案, 深入阐述了推进海绵城市建设的体制机制和模式, 全面展示了海绵城市建设的成效, 归纳总结了试乌鲁木齐建设过程中形成的可复制、可推广的“乌鲁木齐经验”。 |
| ● |
| 相关链接 |
|
|
|
正题名:西北干旱地区海绵城市建设模式探索与实践
索取号:TU985.24/L566
 
预约/预借
| 序号 | 登录号 | 条形码 | 馆藏地/架位号 | 状态 | 备注 |
| 1 | 1625095 | 216250955 | 建筑库201/201建筑库 66排6列4层/ [索取号:TU985.24/L566] | 在馆 |